000 00580nam a2200181Ia 4500
003 GCL
008 140319s9999 xx 000 0 ara d
040 _aGCL /
_cGCL
082 0 4 _a920.72
_bا ع \\=aابراهيم شرف الدينv
245 1 0 _aعظيمات لعبن: بتاريخ العالم عظيمات غيرت وجه التاريخ
300 _a240 ص
490 _aالهيئة العامة للاستعلامات
_v0
650 0 4 _aالتراجم
650 0 4 _aالتاريخ
650 0 4 _aالملكات
650 0 4 _aالنساء - تراجم
942 _2ddc
_cBK
999 _c51978
_d51978